Skyrim - Armor Picture Quiz - Statistics

General Stats
  • This quiz has been taken 71 times
  • The average score is 16 of 24
Answer Stats
Picture Answer % Correct
Iron
97%
Leather
92%
Daedric
88%
Glass
88%
Steel
88%
Ebony
86%
Elven
86%
Dwarven
83%
Imperial
69%
Nordic
69%
Orcish
69%
Ancient Nord
64%
Dragonscale
63%
Falmer
63%
Steel Plate
59%
Blades
58%
Chitin
58%
Hide
47%
Dragonplate
44%
Scaled
42%
Steel Horned
41%
Deathbrand
39%
Wolf
34%
Bonemold
32%
No matching quizzes found
Score Distribution
Percent of People with Each Score
Percentile by Number Answered
Your Score History
You have not taken this quiz